[Event "22nd 4NCL Congress"]
[Site "Telford"]
[Date "2019.07.20"]
[Round "2"]
[Board "10"]
[White "Spanton, Tim R"]
[Black "Parry, Samuel A"]
[Result "1/2-1/2"]
[WhiteElo "1900"]
[BlackElo "1607"]
[PlyCount "74"]
[EventDate "2019.07.19"]
[EventRounds "5"]
[EventCountry "ENG"]

1. e4 c5 2. Nf3 d6 3. Bb5+ Nc6 4. d4 cxd4 5. Qxd4 Bd7 6. Bxc6 Bxc6 7. Nc3 Nf6
8. Bg5 e6 9. O-O-O Be7 10. Rhe1 O-O 11. Kb1 h6 12. Bh4 Nxe4 13. Nxe4 Bxh4 14.
Nxh4 Qxh4 15. g3 Qe7 16. Nxd6 Qc7 17. Nc4 Rfd8 18. Qe5 Qxe5 19. Nxe5 Be8 20. f4
Rac8 21. Rxd8 Rxd8 22. Kc1 Kf8 23. Re3 Rd6 24. Ra3 a6 25. Rb3 b5 26. Rd3 Ke7
27. Kd2 f6 28. Rxd6 Kxd6 29. Nd3 a5 30. a3 Bg6 31. Nc1 Kd5 32. Ne2 e5 33. b3
Bf5 34. Nc3+ Kc5 35. Ne2 g5 36. fxe5 fxe5 37. c3 a4  1/2-1/2

[Event "22nd 4NCL Congress"]
[Site "Telford"]
[Date "2019.07.20"]
[Round "2"]
[Board "11"]
[White "Hilton, Tim"]
[Black "Miller, Max C"]
[Result "1-0"]
[WhiteElo "1892"]
[BlackElo "1562"]
[PlyCount "63"]
[EventDate "2019.07.19"]
[EventRounds "5"]
[EventCountry "ENG"]

1. d4 Nf6 2. Nc3 e6 3. e4 c5 4. d5 exd5 5. exd5 d6 6. Be2 g6 7. Nf3 Bg7 8. Nd2
Nbd7 9. Nc4 Nb6 10. Ne3 O-O 11. O-O a6 12. a4 Re8 13. a5 Nbd7 14. Nc4 Qc7 15.
Bf4 Bf8 16. Bf3 b5 17. axb6 Nxb6 18. Na5 Bb7 19. Qd2 Rad8 20. Bg5 Kg7 21. Rfe1
Re5 22. h4 Rd7 23. Nc6 Rf5 24. Bxf6+ Rxf6 25. Ne4 Rxf3 26. gxf3 Bxc6 27. dxc6
Qxc6 28. Qc3+ Kh6 29. Nf6 Ra7 30. Ng4+ Kh5 31. Qe3 Kxh4 32. Kg2  1-0

[Event "22nd 4NCL Congress"]
[Site "Telford"]
[Date "2019.07.20"]
[Round "2"]
[Board "12"]
[White "Slinger, Aj (Tony)"]
[Black "Jiping, Li"]
[Result "1-0"]
[WhiteElo "1843"]
[BlackElo "1510"]
[PlyCount "77"]
[EventDate "2019.07.19"]
[EventRounds "5"]
[EventCountry "ENG"]

1. c4 c5 2. Nf3 Nf6 3. Nc3 Nc6 4. g3 g6 5. Bg2 Bg7 6. O-O O-O 7. d4 cxd4 8.
Nxd4 Nxd4 9. Qxd4 d6 10. Qd3 Rb8 11. Bd2 Bd7 12. Rac1 Ng4 13. b3 Bf5 14. e4 Ne5
15. Qe3 Bg4 16. h3 Bd7 17. Rfd1 a6 18. Ne2 h5 19. Nd4 Qc8 20. Kh2 h4 21. Nf3
Nxf3+ 22. Qxf3 f5 23. exf5 Rxf5 24. Qe2 hxg3+ 25. fxg3 Rh5 26. Qf1 Qc5 27. b4
Qb6 28. c5 dxc5 29. bxc5 Qf6 30. Qxf6 Bxf6 31. Bf4 e5 32. Rxd7 exf4 33. gxf4
Rh7 34. Rcd1 Rc8 35. Bxb7 Rxc5 36. Bxa6 Rxd7 37. Rxd7 Rc2+ 38. Kg3 Rxa2 39.
Bc4+  1-0

[Event "22nd 4NCL Congress"]
[Site "Telford"]
[Date "2019.07.20"]
[Round "2"]
[Board "13"]
[White "Zhu, Hou Ning"]
[Black "Heald, Carl"]
[Result "1-0"]
[WhiteElo "1475"]
[BlackElo "1836"]
[PlyCount "121"]
[EventDate "2019.07.19"]
[EventRounds "5"]
[EventCountry "ENG"]

1. d4 Nf6 2. Bf4 g6 3. Nc3 Bg7 4. e4 d6 5. Qd2 c6 6. f3 Qb6 7. O-O-O a5 8. Be2
Na6 9. g4 Nd7 10. Bh6 Bxh6 11. Qxh6 Nf6 12. e5 Nd5 13. Nxd5 cxd5 14. Bxa6 Rxa6
15. Nh3 dxe5 16. dxe5 a4 17. a3 Qc5 18. Ng5 Rc6 19. Rd2 Qe3 20. Qg7 Qxg5 21.
Qxh8+ Kd7 22. Rhd1 Re6 23. Kb1 Rxe5 24. Qxe5 Qxe5 25. Rxd5+ Ke6 26. Rxe5+ Kxe5
27. Rd8 Be6 28. Kc1 Kf4 29. Rd3 b5 30. Kd2 Bc4 31. Re3 e5 32. b3 Bd5 33. bxa4
bxa4 34. Ke2 e4 35. fxe4 Bxe4 36. c4 f5 37. gxf5 Kxf5 38. c5 Bc6 39. Kd2 h5 40.
Kc3 g5 41. Kb4 g4 42. Ka5 h4 43. Kb6 Kf4 44. Re7 Bf3 45. c6 g3 46. hxg3+ hxg3
47. c7 Bg4 48. Rg7 Bh3 49. Kb7 Kf3 50. c8=Q Bxc8+ 51. Kxc8 g2 52. Kb7 Kf2 53.
Ka6 g1=Q 54. Rxg1 Kxg1 55. Ka5 Kf2 56. Kxa4 Ke3 57. Kb5 Kd4 58. a4 Kd5 59. a5
Kd6 60. Kb6 Kd7 61. a6  1-0

[Event "22nd 4NCL Congress"]
[Site "Telford"]
[Date "2019.07.20"]
[Round "2"]
[Board "14"]
[White "Ratnesan, Radha"]
[Black "Goodwin, Ed H"]
[Result "0-1"]
[WhiteElo "1572"]
[BlackElo "1825"]
[PlyCount "98"]
[EventDate "2019.07.19"]
[EventRounds "5"]
[EventCountry "ENG"]

1. d4 e6 2. c4 f5 3. g3 Nf6 4. Bg2 Be7 5. Nc3 O-O 6. Nf3 d6 7. O-O Qe8 8. b3
Qh5 9. Nb5 Bd8 10. Bb2 Nbd7 11. Qc2 Ne4 12. Nc3 Ndf6 13. Nxe4 fxe4 14. Nd2 d5
15. e3 Ng4 16. h3 Nh6 17. Qd1 Qg6 18. Rc1 Bd7 19. Ba3 Rf5 20. Qe1 Rf7 21. f3
exf3 22. Nxf3 Bf6 23. cxd5 exd5 24. Rxc7 Bb5 25. Rxf7 Nxf7 26. Rf2 Qxg3 27. Re2
Qg6 28. Rd2 Re8 29. Kh2 Bc6 30. Qf2 Qh6 31. Rd3 Bd8 32. b4 Bb5 33. Rc3 Bc4 34.
Bc1 Qd6+ 35. Kh1 Qxb4 36. Rc2 Qd6 37. Nd2 b5 38. a4 a6 39. axb5 axb5 40. Rb2
Bc7 41. Bf1 Qe6 42. Nxc4 bxc4 43. Rb7 Bd6 44. Bg2 Ng5 45. Qh4 Qg6 46. Bxd5+ Kh8
47. Bxc4 Qc2 48. Be2 Qxe2 49. Qxg5 Qh2#  0-1

[Event "22nd 4NCL Congress"]
[Site "Telford"]
[Date "2019.07.20"]
[Round "2"]
[Board "15"]
[White "Ashcroft, Graham J"]
[Black "Mendis, Vidura"]
[Result "0-1"]
[WhiteElo "1797"]
[BlackElo "1472"]
[PlyCount "60"]
[EventDate "2019.07.19"]
[EventRounds "5"]
[EventCountry "ENG"]

1. c4 e6 2. Nf3 f5 3. g3 Nf6 4. Bg2 Be7 5. O-O O-O 6. d3 d6 7. Nc3 Qe8 8. e4 e5
9. Bg5 c6 10. Qb3 Na6 11. Rae1 Nc5 12. Qd1 Ne6 13. Bc1 Nh5 14. exf5 Rxf5 15. g4
Rxf3 16. Bxf3 Nhf4 17. Kh1 Bh4 18. Be3 Qf7 19. Be4 Ng5 20. Rg1 Ngh3 21. Rgf1
Ng5 22. b3 h5 23. gxh5 Bh3 24. Rg1 Nxe4 25. Nxe4 Nxd3 26. Bh6 Nxf2+ 27. Nxf2
Qxf2 28. Rxg7+ Kh8 29. Reg1 Qf5 30. Rxb7 Qe4+  0-1

[Event "22nd 4NCL Congress"]
[Site "Telford"]
[Date "2019.07.20"]
[Round "2"]
[Board "16"]
[White "Dunkley, Michael"]
[Black "Pelling, Kyle"]
[Result "1/2-1/2"]
[WhiteElo "1756"]
[BlackElo "1463"]
[PlyCount "91"]
[EventDate "2019.07.19"]
[EventRounds "5"]
[EventCountry "ENG"]

1. Nf3 Nf6 2. d4 e6 3. e3 b6 4. Bd3 Bb7 5. O-O Be7 6. c4 d6 7. Nc3 Nbd7 8. e4
e5 9. d5 Nc5 10. Bc2 O-O 11. b4 Ncd7 12. Bd2 h6 13. Ba4 Rc8 14. Bc6 Bxc6 15.
dxc6 Nb8 16. b5 a6 17. a4 Nh7 18. Qc2 Qe8 19. Nd5 Nf6 20. Nxf6+ Bxf6 21. Qd3 a5
22. Qd5 Be7 23. Ne1 Kh8 24. Ra3 f5 25. exf5 Rxf5 26. Rf3 Qf8 27. Nc2 Rxf3 28.
Qxf3 Qxf3 29. gxf3 Rf8 30. Kg2 g5 31. Ne3 Kg7 32. Nd5 Bd8 33. Re1 Kg6 34. Re4
h5 35. Re1 Kf5 36. Nc3 Rg8 37. Kh1 g4 38. fxg4+ Rxg4 39. Rg1 Rxc4 40. Rg8 Nxc6
41. bxc6 Bh4 42. Nd5 Rxc6 43. Nc3 Rc4 44. Rf8+ Ke6 45. Kg2 Bf6 46. Re8+  1/2-1/2

[Event "22nd 4NCL Congress"]
[Site "Telford"]
[Date "2019.07.20"]
[Round "2"]
[Board "17"]
[White "Arora, Tashika"]
[Black "Livesey, R  Nigel"]
[Result "1/2-1/2"]
[WhiteElo "1430"]
[BlackElo "1739"]
[PlyCount "66"]
[EventDate "2019.07.19"]
[EventRounds "5"]
[EventCountry "ENG"]

1. d4 e6 2. Nf3 f5 3. Bf4 Nf6 4. e3 Be7 5. Bd3 d5 6. O-O O-O 7. c4 c6 8. Nc3
Bd7 9. Ne5 Be8 10. cxd5 cxd5 11. Rc1 Nc6 12. Nxc6 bxc6 13. Na4 Bd7 14. Ba6 Qa5
15. Bb7 Rae8 16. Bxc6 Rc8 17. Bxd7 Nxd7 18. b3 Ba3 19. Rc2 Qa6 20. Nb2 Rxc2 21.
Qxc2 Rc8 22. Qd2 Qc6 23. Na4 Qb5 24. h3 Nf6 25. f3 h6 26. Be5 Nd7 27. Bf4 Qa6
28. Qf2 g5 29. Bg3 Qd3 30. Qe1 Rc1 31. Qf2 Rc2 32. Qe1 Rc1 33. Qf2 Rc2  1/2-1/2

[Event "22nd 4NCL Congress"]
[Site "Telford"]
[Date "2019.07.20"]
[Round "2"]
[Board "18"]
[White "O'gorman, Brendan"]
[Black "Zhu, Feng"]
[Result "0-1"]
[WhiteElo "1722"]
[BlackElo "1417"]
[PlyCount "56"]
[EventDate "2019.07.19"]
[EventRounds "5"]
[EventCountry "ENG"]

1. c4 e6 2. Nc3 Nf6 3. e4 d6 4. d4 Be7 5. Nf3 O-O 6. Be2 b6 7. O-O Bb7 8. Qc2
Nbd7 9. b4 a6 10. Rd1 Rc8 11. Rb1 d5 12. e5 Ne4 13. Nxe4 dxe4 14. Nd2 f5 15.
exf6 Nxf6 16. c5 Qe8 17. Bc4 Bd5 18. Bxa6 Ra8 19. b5 Qg6 20. cxb6 cxb6 21. Nc4
Rac8 22. Bxc8 Rxc8 23. Nxb6 Rxc2 24. Nxd5 Nxd5 25. b6 Qf6 26. Bd2 Nxb6 27. Rxb6
Qxd4 28. Rb8+ Kf7  0-1

[Event "22nd 4NCL Congress"]
[Site "Telford"]
[Date "2019.07.20"]
[Round "2"]
[Board "19"]
[White "Kumar, Sanjit S"]
[Black "Waterfield, Mark Bw"]
[Result "1/2-1/2"]
[WhiteElo "1362"]
[BlackElo "1721"]
[PlyCount "136"]
[EventDate "2019.07.19"]
[EventRounds "5"]
[EventCountry "ENG"]

1. e4 e6 2. d4 d5 3. Nd2 Nf6 4. e5 Nfd7 5. Ngf3 c5 6. c3 Nc6 7. Bd3 Qb6 8. dxc5
Bxc5 9. Qe2 Qc7 10. Nb3 Be7 11. Bf4 O-O 12. O-O a5 13. a3 Nb6 14. Nbd4 Nxd4 15.
Nxd4 Bd7 16. Bg3 a4 17. Rfe1 Rac8 18. Qh5 g6 19. Qh6 Rfe8 20. Bh4 Bf8 21. Qf4
Nc4 22. Bxc4 Qxc4 23. Re3 Bb5 24. Rh3 f5 25. exf6 Rc7 26. Bg3 e5 27. Qg5 Bd6
28. Nxb5 Qxb5 29. Qd2 Rd7 30. Rd1 Bc7 31. Rh4 Rf8 32. Rb4 Qc6 33. Qg5 Bd6 34.
Rh4 b5 35. Bxe5 Bxe5 36. Qxe5 Qxf6 37. Qxf6 Rxf6 38. Rhd4 Rf5 39. f3 Kf7 40.
Kf2 Ke6 41. Rb4 Rb7 42. g4 Rff7 43. Rbd4 Rbd7 44. Re1+ Kd6 45. Red1 Kc6 46. h4
h6 47. Re1 Rd6 48. Re8 Rdf6 49. Rd3 h5 50. g5 Rd6 51. Rd4 Rf5 52. Rb8 Kc5 53.
Rb4 Rb6 54. Rc8+ Kd6 55. Rg8 Kc5 56. Rc8+ Kd6 57. Rd4 Kd7 58. Rc5 Kd6 59. Rc8
Kd7 60. Rh8 Kd6 61. Rh6 Kc5 62. Rh7 Kd6 63. Rh8 Kd7 64. Rd3 Kc6 65. Rc8+ Kd7
66. Rc5 Kd6 67. Rc8 Kd7 68. Ra8 Kc6  1/2-1/2

[Event "22nd 4NCL Congress"]
[Site "Telford"]
[Date "2019.07.20"]
[Round "2"]
[Board "20"]
[White "Davies, Sam"]
[Black "Mathew, Johan"]
[Result "1-0"]
[WhiteElo "1705"]
[BlackElo "1304"]
[PlyCount "97"]
[EventDate "2019.07.19"]
[EventRounds "5"]
[EventCountry "ENG"]

1. e4 e5 2. Bc4 Bc5 3. Nf3 d6 4. d3 Nf6 5. O-O Bg4 6. h3 Bh5 7. Re1 O-O 8. Bg5
h6 9. Bh4 Nc6 10. c3 Kh8 11. b4 Bb6 12. Nbd2 Rg8 13. g4 Bg6 14. Qb3 Qd7 15. Kg2
Raf8 16. Nf1 Bh7 17. Ne3 g5 18. Bg3 h5 19. gxh5 Nxh5 20. Ng4 Nf4+ 21. Kh2 Rg6
22. Bxf4 gxf4 23. Rg1 Qe7 24. a4 a6 25. a5 Ba7 26. Bd5 Rg7 27. Qa2 Nd8 28. Nh6
Qf6 29. Ng4 Qe7 30. Nh6 Qf6 31. Rxg7 Qxg7 32. Ng4 f5 33. exf5 Bxf5 34. Rg1 Qh7
35. Ng5 Qh5 36. Ne4 c6 37. Bb3 d5 38. Nd6 Bxd3 39. Bxd5 cxd5 40. Qxd5 Bg6 41.
Nxe5 Kh7 42. Rxg6 Nc6 43. Re6 Bxf2 44. Qe4+ Kh8 45. Ng6+ Kg8 46. Nxf8 Bg3+ 47.
Kg2 Kxf8 48. Re8+ Kg7 49. Nf5+  1-0

[Event "22nd 4NCL Congress"]
[Site "Telford"]
[Date "2019.07.20"]
[Round "2"]
[Board "21"]
[White "Sunny, Saurav"]
[Black "Pinch, David"]
[Result "1-0"]
[WhiteElo "1296"]
[BlackElo "1703"]
[PlyCount "131"]
[EventDate "2019.07.19"]
[EventRounds "5"]
[EventCountry "ENG"]

1. Nf3 Nf6 2. g3 d5 3. Bg2 Bg4 4. Ne5 Bf5 5. d3 Nbd7 6. Nf3 e6 7. Nh4 Bg6 8.
Nxg6 hxg6 9. Bg5 Be7 10. e4 dxe4 11. dxe4 c6 12. Nd2 Qa5 13. h4 Rd8 14. Qe2 Qb4
15. O-O-O Nb6 16. a3 Qa4 17. Nb1 Nfd7 18. Bxe7 Kxe7 19. f4 Qc4 20. Nc3 Qxe2 21.
Nxe2 Nc4 22. Rd3 Nf6 23. Bf3 e5 24. Rhd1 exf4 25. Nxf4 Rxd3 26. cxd3 Ne5 27.
Be2 c5 28. d4 cxd4 29. Rxd4 Nc6 30. Nd5+ Nxd5 31. Rxd5 a6 32. Kc2 Rd8 33. Kc3
Rd6 34. a4 Re6 35. Bd3 Rf6 36. Be2 Re6 37. Bd3 Rf6 38. Be2 Rf2 39. Bg4 Rg2 40.
Rd7+ Kf6 41. Bd1 Rxg3+ 42. Kd2 Na5 43. Kc2 Rh3 44. e5+ Kxe5 45. Rxf7 Rxh4 46.
b3 Rf4 47. Rxg7 Kf6 48. Rd7 Rb4 49. Kc3 Nc6 50. Bf3 Rf4 51. Bxc6 bxc6 52. Rd6+
Kg5 53. Rxc6 a5 54. Rc5+ Rf5 55. b4 axb4+ 56. Kxb4 Kh4 57. a5 Rf1 58. a6 Rb1+
59. Ka5 Ra1+ 60. Kb6 g5 61. a7 g4 62. Ra5 Rxa5 63. Kxa5 g3 64. a8=Q Kh3 65.
Qh1+ Kg4 66. Qg2  1-0

[Event "22nd 4NCL Congress"]
[Site "Telford"]
[Date "2019.07.20"]
[Round "2"]
[Board "22"]
[White "Connor, Michael I"]
[Black "Bryant, Richard Be"]
[Result "0-1"]
[WhiteElo "1619"]
[BlackElo "1900"]
[PlyCount "74"]
[EventDate "2019.07.19"]
[EventRounds "5"]
[EventCountry "ENG"]

1. d4 e6 2. c4 d5 3. g3 c6 4. Qc2 f5 5. Bg2 Nf6 6. Nf3 Be7 7. O-O O-O 8. Rd1
Qe8 9. e3 Qh5 10. Nc3 Na6 11. a3 g5 12. Ne2 Bd7 13. c5 Be8 14. Ne5 Nd7 15. b4
Nxe5 16. dxe5 Qh6 17. Nd4 Nc7 18. f4 Bh5 19. Rd3 a5 20. Rb1 axb4 21. axb4 Rfc8
22. Rc3 Be8 23. Bf1 gxf4 24. exf4 Qf8 25. Be3 Bd7 26. Bd3 Qe8 27. Kh1 Kh8 28.
g4 fxg4 29. Bxh7 Nb5 30. Nxb5 cxb5 31. Rg1 Ra4 32. Bg6 Qf8 33. Rxg4 Rxb4 34.
Bd2 Qh6 35. f5 Rxg4 36. Bxh6 d4 37. Rh3 Bc6+  0-1

[Event "22nd 4NCL Congress"]
[Site "Telford"]
[Date "2019.07.20"]
[Round "2"]
[Board "23"]
[White "Kitchen, Peter J"]
[Black "Morgans, Justin"]
[Result "1/2-1/2"]
[WhiteElo "1731"]
[BlackElo "1639"]
[PlyCount "70"]
[EventDate "2019.07.19"]
[EventRounds "5"]
[EventCountry "ENG"]

1. e4 c6 2. d4 d5 3. exd5 cxd5 4. c4 Nf6 5. Nc3 e6 6. Nf3 Be7 7. cxd5 exd5 8.
Bb5+ Bd7 9. Bxd7+ Nbxd7 10. O-O O-O 11. Qb3 Nb6 12. Bg5 Re8 13. Ne5 h6 14. Bxf6
Bxf6 15. f4 Re7 16. Rae1 Rc8 17. Qc2 Nc4 18. Qf2 Qa5 19. Rc1 Rec7 20. b4 Qxb4
21. Nxd5 Qb5 22. Nxc7 Rxc7 23. Nxc4 Rxc4 24. Qe2 Bxd4+ 25. Kh1 Rb4 26. Qxb5
Rxb5 27. Rc2 b6 28. g3 a5 29. Rd1 Bc5 30. Kg2 g5 31. Kf3 Rb4 32. fxg5 hxg5 33.
h3 Kg7 34. Rd5 Kg6 35. Re5 Ra4  1/2-1/2

[Event "22nd 4NCL Congress"]
[Site "Telford"]
[Date "2019.07.20"]
[Round "2"]
[Board "24"]
[White "Ratnesan, Rajeiv"]
[Black "Jones, Dewi"]
[Result "1/2-1/2"]
[WhiteElo "1678"]
[BlackElo "1554"]
[PlyCount "61"]
[EventDate "2019.07.19"]
[EventRounds "5"]
[EventCountry "ENG"]

1. Nf3 Nf6 2. g3 g6 3. Bg2 Bg7 4. O-O O-O 5. c4 c5 6. Nc3 Nc6 7. d4 cxd4 8.
Nxd4 Nxd4 9. Qxd4 d6 10. Rd1 Ng4 11. Qe4 Qb6 12. e3 Bxc3 13. bxc3 Qd8 14. Ba3
Qa5 15. Bb4 Qe5 16. Qxe5 Nxe5 17. c5 a5 18. cxd6 axb4 19. dxe7 Re8 20. cxb4 Bg4
21. Bxb7 Bxd1 22. Bxa8 Bf3 23. Bxf3 Nxf3+ 24. Kf1 Rxe7 25. Ke2 Ne5 26. a4 Nc6
27. b5 Na5 28. Kd3 Kf8 29. Ra2 Ke8 30. Kd4 Kd8 31. Rc2  1/2-1/2

[Event "22nd 4NCL Congress"]
[Site "Telford"]
[Date "2019.07.20"]
[Round "2"]
[Board "25"]
[White "Maladkar, Lavanya"]
[Black "Shepherd, Graham C"]
[Result "1-0"]
[WhiteElo "1640"]
[BlackElo "1459"]
[PlyCount "115"]
[EventDate "2019.07.19"]
[EventRounds "5"]
[EventCountry "ENG"]

1. d4 Nf6 2. Bg5 e6 3. c4 Be7 4. Nc3 d5 5. c5 O-O 6. Nf3 Nc6 7. a3 a5 8. Rb1 b6
9. b4 axb4 10. axb4 bxc5 11. bxc5 Ne4 12. Bxe7 Nxe7 13. Nxe4 dxe4 14. Ne5 f6
15. Nc4 Nd5 16. Qc2 Ba6 17. e3 Bxc4 18. Bxc4 f5 19. O-O Qg5 20. Rb7 Qd8 21.
Rfb1 Rf7 22. Qb3 g5 23. Rb8 Rxb8 24. Qxb8 Qxb8 25. Rxb8+ Kg7 26. Rd8 Kf6 27.
Bxd5 exd5 28. Rxd5 Re7 29. Kf1 h5 30. Rd8 h4 31. h3 Ke6 32. Rg8 Kf6 33. Rh8 Kg6
34. Ke2 Kg7 35. Ra8 Kf6 36. f3 exf3+ 37. Kxf3 g4+ 38. hxg4 fxg4+ 39. Kf4 h3 40.
gxh3 gxh3 41. Rh8 Ke6 42. Rxh3 Kd5 43. Rh5+ Kc4 44. Re5 Rd7 45. Ke4 Kb5 46. Re6
c6 47. Ke5 Rd5+ 48. Kf6 Rh5 49. e4 Rh6+ 50. Ke7 Rh7+ 51. Kd6 Rg7 52. Re8 Kc4
53. d5 cxd5 54. exd5 Rg6+ 55. Re6 Rg5 56. Re4+ Kb5 57. c6 Rg6+ 58. Re6  1-0